Estatísticas para Finlândia

Clique aqui para jogar o quiz

Estatísticas Gerais

  • Esse quiz foi jogado 2 vezes
  • A pontuação média é 2 de 14

Estatísticas das Respostas

Resposta% Correto
Helsínquia
100%
Aldeia do Pai Natal
50%
Castelo de Savonlinna
0%
Esplanadi
0%
Fortaleza de Suomenlinna
0%
Lapónia
0%
Lordi's Square
0%
Market Square
0%
Porvoo
0%
Praça do Senado
0%
Sandcastle Lappeenranta
0%
Snow Village
0%
Temppeliaukio kirkko
0%
Ylläs
0%

Distribuição das Pontuações

Percentil de Números Respondidos

Porcentagem de Pessoas com Cada Pontuação

Sua Pontuação Histórica

Você não jogou esse quiz